Normal view
MARC view
Entry Topical Term
001 - CONTROL NUMBER
- control field: 6717
003 - CONTROL NUMBER IDENTIFIER
- control field: BD-RjUL
005 - DATE AND TIME OF LATEST TRANSACTION
- control field: 20230125112540.0
008 - FIXED-LENGTH DATA ELEMENTS
- fixed length control field: 230125|| aca||aabn | a|a d
040 ## - CATALOGING SOURCE
- Original cataloging agency: BD-RjUL
- Transcribing agency: BD-RjUL
150 ## - HEADING--TOPICAL TERM
- Topical term or geographic name entry element: Telecommunication
- General subdivision: Service & Marketing
- Geographic subdivision: Bangladesh
670 ## - SOURCE DATA FOUND
- Source citation: Work cat.: (BD-RjUL)81129: Shahiduzzaman, Md. 6716, CELLULAR TELECOMMUNICATION SERVICE MARKETING OF BANGLADESH:, 2011